000 01073cam a22003377a 4500
003 CHAP
005 20220329133024.0
008 971013s1987 r 00010 d
010 _a1374
011 _a2346
035 _a1539
040 _cCHAP
082 0 4 _a631.41
_bR5
100 0 0 _aRichter, Jorg.
_997303
245 1 4 _aThe soil as a reactor
_b: modelling processes in the soil
260 _aCremlingen, West Germany :
_bCATENA,
_c1987
300 _a192 p.
_b: ilus. ; gráfs.
490 0 _aCATENA paperbock
590 _aBATCH-UPD
_b10
_c20130110
_lUCH01
_h1920
590 _aBATCH-UPD
_b10
_c20130410
_lUCH01
_h1246
590 _aBATCH-UPD
_b10
_c20130914
_lUCH01
_h2004
590 _aCONVERSION
_b10
_c20130109
_lUCH01
_h1302
650 1 4 _aSuelos y cultivos.
_9110571
650 1 4 _aSuelos
_xComposición.
_9110280
650 1 4 _aSuelos
_xMejoramiento.
_9110431
650 1 4 _aSuelos
_xModelos matemáticos.
_9110439
830 0 _aCATENA paperbock
_920505
901 _aBK
942 _cLIBRO
949 _a631.41 R5
_bBC
_cLIBRO
_d33724000066874
_eLIBRO
_h78119
_i1539
_si
_t79.66
999 _c1374
_d1374